Výber z poézie Jána Šveca Slavkoviana

Bibliographic Details
Main Author: Brunclík, Jozef, 1975- (Author)
Format: Article
Language:Slovak
Subjects:
Online Access:http://www.kultura-fb.sk/new/old/archive/pdf/kult0908.pdf

MARC

LEADER 00000nab a2200000 a 4500
001 vtls009485119
003 SK-MaSNL
005 20260304172136.0
008 140512c2008 xo ||||||o| ||00 b|slo
015 |a SNBRB2009/03  |2 snkbucl 
038 |a SNKBUCL 
040 |a SNKBUCL  |b slo  |c SNKBUCL  |e AACR2 
041 0 |a slo 
044 |a xo  |c SK 
080 |a 82.09:821.162.4-1  |x (048)  |2 2001 
080 |a 821.162.4-1  |x (048)  |2 2001 
080 |a 821.162.4-3  |x (048)  |2 2001 
100 1 |a Brunclík, Jozef,  |d 1975-  |4 aut  |9 164504 
245 1 0 |a Výber z poézie Jána Šveca Slavkoviana  |c Jozef Brunclík 
300 |b Fotogr. 
600 1 7 |a Švec, Ján,  |d 1911-1976  |2 snkbucl  |9 210032 
655 7 |a recenzie  |2 snkbucl  |9 21907 
773 0 |t Kultúra  |g Roč. XI, č. 9 (2008), s. 9  |x 1336-3470 
787 0 8 |i Rec.:  |a Švec, Ján, 1911-1976  |t Daň srdca domovine  |d Prešov : Michal Vaško, 2006  |z 8071655929 
852 |a SNK  |b KIS3GCP 
856 4 1 |u http://www.kultura-fb.sk/new/old/archive/pdf/kult0908.pdf 
958 |a LX 
958 |a RC 
999 |c 2996821  |d 2998751